000 01595 am a2200325 a 4500
001 60481
003 BD-RjUL
005 20211209080841.0
008 1609-0s1995 bg b s o000 0 eng d
020 _a9845081886
_c: Tk. 400.00 (Inland)
035 _a(BD-RjUL)60605
035 _a(OCoLC)ocm27450619
035 _a(NNC)1450898
040 _aDLC
_cDLC
_dDLC
_dBD-RjUL
_beng
041 0 _aengben
082 _223
_a304.6095492021
_bMAU 1993 (CS)
110 _aBangladesh Bureau Of Statistics.
_9179266
245 1 0 _aBangladesh population census, 1991 = বাংলাদেশ আদমশুমারী, ১৯৯১ :
_bCommunity series, Zila: Maulvi Bazar = কমিউনিটি সিরিজ, জেলা: মৌলভী বাজার /
_cBangladesh Bureau Of Statistics.
246 _aবাংলাদেশ আদমশুমারী, ১৯৯১ :
_bকমিউনিটি সিরিজ, জেলা: মৌলভী বাজার
260 _aDhaka :
_bBBS,
_c1995
300 _axiv, 219 p. :
_bill. ;
_c28 cm.
490 _aCommunity series, Zila: Maulvi Bazar
490 _aকমিউনিটি সিরিজ, জেলা: মৌলভী বাজার
500 _aPrefatory matter in Bengali and English.
651 0 _aBangladesh
_z Maulvi Bazar
_xCensus, 1991.
_9180006
651 0 _aBangladesh
_z Maulvi Bazar
_xPopulation
_vStatistics.
_9180007
830 _aCommunity series, Zila: Maulvi Bazar
_9180008
830 _aকমিউনিটি সিরিজ, জেলা: মৌলভী বাজার
_9180009
942 _2ddc
_cRAR
999 _c60481
_d60481